Desenfocao' - Estadísticas

Estadísticas generales
  • Esta prueba ha sido intentada 29 veces
  • La puntuación promedio es 135 de 204
Estadísticas de respuestas
Letra % Correcto
de
100%
la
100%
La
100%
cara
94%
Cara
94%
desenfocao
94%
Desenfocao
94%
No
94%
no
94%
rara
94%
siento
94%
to
94%
una
94%
a
88%
A
88%
base
88%
es
88%
mi
88%
Mi
88%
88%
nota
88%
ropa
88%
88%
se
88%
Creo
81%
creo
81%
Esto
81%
Lleno
81%
que
81%
Que
81%
toa
81%
voy
81%
y
81%
Y
81%
el
75%
estoy
75%
nada
75%
nadie
75%
sabe
75%
Sin
75%
sin
75%
en
69%
está
69%
esta
69%
las
69%
los
69%
me
69%
Pero
69%
quiero
69%
yo
69%
como
63%
día
63%
estar
63%
hace
63%
inocente
63%
Ni
63%
sentir
63%
te
63%
ti
63%
Así
56%
bien
56%
droga
56%
ella
56%
Le
56%
llena
56%
loco
56%
mente
56%
muy
56%
por
56%
Porque
56%
puedo
56%
recuerdo
56%
sus
56%
todo
56%
tu
56%
Aunque
50%
borran
50%
cien
50%
culpable
50%
encuentre
50%
expreso
50%
llama
50%
María
50%
Mientra
50%
milla
50%
mirar
50%
Par
50%
parar
50%
pierdo
50%
ponerme
50%
queso
50%
Sofía
50%
teta
50%
verte
50%
alguien
44%
avioneta
44%
cama
44%
cuando
44%
Diamante
44%
dije
44%
discos
44%
hora
44%
inverso
44%
Jangueando
44%
rezo
44%
sabía
44%
siente
44%
sol
44%
suerte
44%
vacío
44%
baja
38%
Campeón
38%
confía
38%
divierto
38%
eso
38%
mai
38%
mal
38%
ojo
38%
peso
38%
reza
38%
ruleta
38%
Tiren
38%
Buscando
31%
del
31%
desierto
31%
ojalá
31%
paleta
31%
salió
31%
adónde
25%
fuera
25%
mano
25%
planeta
25%
rola
25%
sueltes
25%
Brilla
19%
Roleta
19%
RIAA
6%
No se encontraron pruebas coincidentes
Distribución de puntuación
Porcentaje de gente con cada puntuación
Porcentaje por número respondido
Historial de tus puntuaciones
No has intentado esta prueba.